Humanidades: revista de la Escuela de Estudios Generales, Universidad de Costa Rica
Guardado en:
| Formato: | Libro |
|---|---|
| Lenguaje: | Spanish |
| Publicado: |
San José, Costa Rica:
Editorial UCR,
2011-
|
| Materias: | |
| Acceso en línea: | http://revistas.ucr.ac.cr/index.php/humanidades |
| Etiquetas: |
Agregar Etiqueta
Sin Etiquetas, Sea el primero en etiquetar este registro!
|
MARC
| LEADER | 00000nam a22000007a 4500 | ||
|---|---|---|---|
| 008 | 160203s2011 cr ||||| ||||a00| b spa d | ||
| 022 | |a 2215-2253 | ||
| 040 | |a CIICLA - UCR | ||
| 041 | |a spa | ||
| 245 | 1 | 0 | |a Humanidades: revista de la Escuela de Estudios Generales, Universidad de Costa Rica |
| 260 | |a San José, Costa Rica: |b Editorial UCR, |c 2011- | ||
| 300 | |a volúmenes | ||
| 500 | |a Editor: Rómulo Vargas Campos--A partir del año 2013 cambia la designación a volumen. Resúmenes en inglés Divulga la indagación del quehacer y el pensar humano, en una época que apenas logra autopercibirse como el inicio de algo ignoto. Descripción basada en: No. 1 (2011) Ley de propiedad Disponible también en formato electrónico | ||
| 500 | |a Continuacion de: Girasol: revista de la Escuela de Estudios Generales, Universidad de Costa Rica | ||
| 650 | 1 | 4 | |a HUMANIDADES |v PUBLICACIONES PERIODICAS |
| 650 | 1 | 4 | |a PUBLICACIONES PERIODICAS COSTARRICENSES |
| 856 | 3 | 0 | |u http://revistas.ucr.ac.cr/index.php/humanidades |
| 942 | |2 ddc |c CR | ||
| 999 | |c 4565 |d 4565 | ||
